| 000 | 00375nam a2200145Ia 4500 | ||
|---|---|---|---|
| 008 | 230312s9999||||xx |||||||||||||| ||und|| | ||
| 020 | _a978-9351071518 | ||
| 082 |
_a629.27 _bRIB-U |
||
| 100 | _aRibbens, William B. | ||
| 245 | 0 | _aUnderstanding Automotive Electronics | |
| 260 |
_bElsevier _aIndia _c2015 |
||
| 300 | _a599 | ||
| 650 |
_aEngineering _vElectrical |
||
| 942 | _cBK | ||
| 999 |
_c14057 _d14057 |
||